Introduction to H p spaces
Αποθηκεύτηκε σε:
| Κύριος συγγραφέας: | |
|---|---|
| Μορφή: | Βιβλίο |
| Γλώσσα: | English |
| Δημοσίευση: |
Cambridge :
Cambridge University Press,
c1998
|
| Έκδοση: | 2nd corrected and augmented ed. |
| Σειρά: | Cambridge tracts in mathematics ;
; 115 |
| Θέματα: | |
| Ετικέτες: |
Προσθήκη ετικέτας
Δεν υπάρχουν, Καταχωρήστε ετικέτα πρώτοι!
|
MARC
| LEADER | 00000nam a2200000 i 4500 | ||
|---|---|---|---|
| 001 | 1/73391 | ||
| 008 | 990316s1998 eng d | ||
| 020 | |a 0-521-45521-9 | ||
| 035 | |l 10048802 | ||
| 040 | |a GR-MY-UA |b gre |e aacr | ||
| 041 | 0 | |a eng | |
| 082 | 0 | |a 515.73 | |
| 100 | 1 | |a Koosis, Paul. | |
| 245 | 1 | 0 | |a Introduction to H p spaces / |c Paul Koosis |
| 250 | |a 2nd corrected and augmented ed. | ||
| 260 | |a Cambridge : |b Cambridge University Press, |c c1998 | ||
| 300 | |a xv, 376 p.; |b ill.; |c 23 cm. | ||
| 490 | 1 | |a Cambridge tracts in mathematics |v ; 115 | |
| 500 | |a Includes bibliography and index | ||
| 650 | 0 | 0 | |a Hardy spaces. |
| 830 | 0 | |a Cambridge tracts in mathematics ; |v ; 115 | |
| 852 | |a INST |b SAMOS |e 19990316 |h 515.73 KOO |p 005300012983 |q 005300012983 |t BK |y 0 | ||
| 901 | |a BIBL-1999-1 | ||
| 909 | |a Σ |b 062966 | ||
| 922 | |a 3ΕΛΗ |b 199901 |c ΕΠΕΑΕΚ/ΜΑΘ |d LEADER | ||